Planning the twentieth-century American city
Αποθηκεύτηκε σε:
| Άλλοι συγγραφείς: | , |
|---|---|
| Μορφή: | Βιβλίο |
| Γλώσσα: | English |
| Δημοσίευση: |
Baltimore :
Johns Hopkins University Press,
1996
|
| Θέματα: | |
| Ετικέτες: |
Προσθήκη ετικέτας
Δεν υπάρχουν, Καταχωρήστε ετικέτα πρώτοι!
|
MARC
| LEADER | 00000nam a2200000 i 4500 | ||
|---|---|---|---|
| 001 | 1/71051 | ||
| 008 | 080117s1996 eng d | ||
| 020 | |a 0-8018-5164-5 | ||
| 035 | |l 10093819 | ||
| 040 | |a GR-MY-UA |b gre |e aacr | ||
| 041 | 0 | |a eng | |
| 082 | 0 | |a 307.12160973 |2 (22) | |
| 245 | 1 | 0 | |a Planning the twentieth-century American city / |c edited by Mary Corbin Sies and Christopher Silver |
| 260 | |a Baltimore : |b Johns Hopkins University Press, |c 1996 | ||
| 300 | |a xiv, 594 σ; |b εικ., χάρτες; |c 23 εκ. | ||
| 504 | |a Περιέχει βιβλιογραφικές παραπομπές και ευρετήριο | ||
| 650 | 0 | 0 | |a City planning |z United States |x History |y 20th century. |
| 700 | 1 | |a Corbin Sies, Mary. |4 edt | |
| 700 | 1 | |a Silver, Christopher. |4 edt | |
| 852 | |a INST |b LESVOS |e 20080117 |h 307.12160973 PLA |p 005100040499 |q 005100040499 |t BK |y 0 | ||
| 901 | |a BIBL1-2008-1 | ||
| 909 | |a Λ |b 142810 | ||
| 922 | |a 1ΕΛΗ |b 200712 |c ΤΚΑ |d ΕΛΕΥΘΕΡΟΥΔΑΚΗΣ | ||
| 970 | |a ΓΙΑΛΑΜΑ |b ΜΑΡΙΑ |z 2008/01/17 | ||